[Event "Montreal op 05b"]
[Site "Montreal"]
[Date "2002.05.26"]
[Round "5"]
[White "Vezeau, Patrice"]
[Black "Roy, Alain"]
[Result "0-1"]
[WhiteElo "1927"]
[BlackElo "2162"]
[PlyCount "44"]
[EventDate "2002.05.24"]
[EventType "swiss"]
[EventRounds "5"]
[EventCountry "CAN"]
[SourceTitle "EXT 2009"]
[Source "ChessBase"]
[SourceDate "2008.11.26"]
[SourceVersion "1"]
[SourceVersionDate "2008.11.26"]
[SourceQuality "1"]

1. d4 g6 2. e4 Bg7 3. Nc3 d6 4. Be3 c6 5. Qd2 Nf6 6. Bh6 Bxh6 7. Qxh6 Qa5 8. Bd3 b5 9. Nf3 b4 10. Ne2 b3+ 11. Nc3 bxc2 12. 0-0 Qb4 13. e5 dxe5 14. dxe5 Nh5 15. Ne4 Ba6 16. Bxa6 Nxa6 17. Neg5 Nc5 18. e6 Nxe6 19. Nxe6 fxe6 20. Ne5 Qxb2 21. Rfe1 Rd8 22. Nxg6 Qxa1 0-1